1389 1377 1603 1902 1216 1868 1157 1419 1665 1047 1052 1220 1310 1706 1081 1549 1128 1290 1660 1057 1677 1773 1351 1804 1810 1680 1075 1750 1063 1666 1748 1615 1141 1608 1097 1677 1591 1609 1641 1959 1263 1312 1539 1725 1517 1746 1605 1141 1266 1548 1415 1137 1674 1948 1157 1765 1544 1759 1137 1685 1874 1920 1792 1226 1811 1420 1999 1232 1303 1988 1085 1881 1829 1713 1123 1621 1829 1476 1601 1678 1476 1638 1656 1147 1049 1420 1887 1766 1941 1682 1877 1060 1843 1326 1238 1855 1102 1189 1362 BCNSPRNW ULIB Ver.6.0+V

เปลี่ยนเป็นภาษาไทย

Change to English
 แสดงรายละเอียดบรรณานุกรม
  กลับหน้าหลัก

Brief Record : Get Marc (ISO 2709) : E-mail record : QR code < ปิดหน้าต่าง
LEADER : 00000nam 2200000uu 4500
001    13399127745
003     ULIB
008    210518s2557||||th 000 0 tha d
020    ู^a9786163691989
050    ^aนว^bซ119ม^cล.5
100    ^aซ็อลบง
245    ^aมหากาพย์เทพมรณะ เล่ม 5
250    ^aพิมพ์ครั้งที่ 1
260    ^aกรุงเทพฯ :^bสยามอินเตอร์บุ๊คส์,^c2557
300    ^a229 หน้า;^b21 ซม.
650    ^aนวนิยาย
945    ^p200^l0^i008056
999    ^aประนอม เกษจรัล
รายการนี้ยังไม่มีแท็ก
คุณยังไม่ได้ล็อกอิน คุณสามารถมีกิจกรรมร่วมกับเว็บไซต์ได้ แต่ต้องล็อกอินก่อน ::
  ล็อกอิน

รายการสื่อสารสนเทศ

ลำดับที่ ประเภท เลขเรียก/บาร์โค้ด สถานที่ สถานะ
1. นวนิยาย
นวนิยาย
นว ซ119ม ล.5 ฉ.1 
  Barcode: 008056
ห้องสมุดวิทยาเขตนครสวรรค์
►นวนิยาย:l:Fiction
บนชั้น
Note:บริจาค

รายการใกล้เคียง
    ผู้แต่ง [ซ็อลบง]

    หัวเรื่อง [นวนิยาย]

BibComment


ยังไม่เคยถูกคอมเมนท์

คอมเมนท์ทรัพยากรรายการนี้
  คอมเมนท์: มหากาพย์เทพมรณะ ..


 Copyright 2026. Bcnsprnw @Library